000 00431nam a22001817a 4500
003 MPLRDC
005 20220104114220.0
008 210129b ||||| |||| 00| 0 eng d
020 _a962-04-0606-0
082 _a684.2 LBS
100 _a刘北汜
245 _a故宫沧桑
_c
250 _a一版一刷
260 _a
_b南粤出版社
_c1988
300 _b
650 _a中国名胜古迹--宫殿
942 _cBK
_o684.2 LBS
999 _c5727
_d5717